LEADER 00796nam0-22002891i-450- 001 990000130750403321 035 $a000013075 035 $aFED01000013075 035 $a(Aleph)000013075FED01 035 $a000013075 100 $a20011111d--------km-y0itay50------ba 101 0 $aita 105 $ay-------001yy 200 1 $aALBUM di disegni di statica grafica. 210 $as.l.$cs.e.$ds.d. 215 $a25 tav.$cill.$d34x49 cm 300 $aEsempl. senza front. Notizie ricav. dalla copertina 610 0 $aStatica grafica 676 $a624.171 2 801 0$aIT$bUNINA$gRICA$2UNIMARC 901 $aBK 912 $a990000130750403321 952 $a13 AR 5 A 20$b8994$fFINBC 959 $aFINBC 996 $aALBUM di disegni di statica grafica$9113797 997 $aUNINA DB $aING01 LEADER 00878nam2-22002771i-450- 001 990008418050403321 005 20061114140834.0 035 $a000841805 035 $aFED01000841805 035 $a(Aleph)000841805FED01 035 $a000841805 100 $a20061114d1986----km-y0itay50------ba 101 0 $aita 102 $aIT 105 $aa-------001yy 200 1 $aTeoria delle utilitą casuali e processi di scelta dinamica a pił stadi$emodelli nel tempo discreto e continuo$fdi Giorgio Leonardi e Domenico Campisi 215 $ap. 73-92$cill. 463 0$1001000746333 700 1$aLeonardi,$bGiorgio$034306 701 1$aCampisi,$bDomenico$0252582 801 0$aIT$bUNINA$gRICA$2UNIMARC 901 $aAN 912 $a990008418050403321 959 $aILFGE 996 $aTeoria delle utilitą casuali e processi di scelta dinamica a pił stadi$9725914 997 $aUNINA